000 01240cam a2200301 4500
001 WB3717-26
008 000000n2001 000 0 eng u
035 _a(Sirsi) u112368
245 _aCountry sports in line for subsidy
260 _c2001
490 _aTimes
_v2 May 2001, 1(1)
520 _aHunting, shooting and fishing, alongside other outdoor pursuits and environmental enterprises, could be eligible for special funding under government plans to pay landowners for maintaining the traditional landscape. The proposals, included in a report by the MAFF Hill Farm Task Force, have been welcomed by the Country Land and Business Association, Countryside Alliance and National Farmers Union, although landowners will have to demonstrate that their stewardship benefits the community, economy and environment.
590 _aWB
650 _aAGRICULTURAL REFORM
650 _aAGRICULTURE
650 _aCOUNTRY SPORTS
650 _aFISHING
650 _aHILL FARMERS
650 _aHUNTING
650 _aLAND STEWARDSHIP
650 _aLANDOWNERS
650 _aMAFF
650 _aMINISTRY OF AGRICULTURE FISHERIES AND FOOD
650 _aOUTDOOR SPORT
650 _aSHOOTING
690 _aRural
_96268
942 _n0
999 _c66877
_d66877